Countries with the Lowest Traffic-Related Death Rate - Statistics

General Stats
  • This quiz has been taken 57 times
  • The average score is 14 of 18
Answer Stats
Rate Country % Correct
4.8 Finland
94%
5.1 France
94%
2.8 Sweden
94%
2.9 United Kingdom
94%
4.3 Germany
92%
3.8 Norway
92%
3.5 Denmark
90%
3.7 Spain
88%
3.4 Netherlands
86%
4.6 Iceland
84%
4.1 Ireland
78%
3.3 Switzerland
78%
4.7 Japan
67%
3.6 Singapore
57%
5.1 Malta
55%
5.2 Cyprus
47%
3.6 Israel
47%
3.5 Maldives
16%
No matching quizzes found
Score Distribution
Percent of People with Each Score
Percentile by Number Answered
Your Score History
You have not taken this quiz